000 00568nam a22001457a 4500
005 20241010101100.0
008 241010b |||||||| |||| 00| 0 eng d
100 _aGalguera, Tomás.
_eauthor.
_962664
245 _aHealing the phoenix :
_btrauma-informed practice at the ground level /
_cTomás Galguera, and Melinda Bellone.
260 _aWashington;
_bTaylor & Francis Group,
_cMarch-April 2020.
300 _aVolume 96, pages 6-13,
_billustration.
700 _aGalguera, Tomás.
_eauthor.
_962665
700 _aBellone, Melinda.
_eauthor.
_962666
942 _2ddc
_cPER
999 _c22413
_d22413